000 00672nam a2200229Ia 4500
003 OSt
005 20240920104310.0
008 220927b |||||||| |||| 00| 0 eng d
020 _a0023454024
037 _cTextual
040 _aSDCL
_cSDCL
_beng
041 _2eng
_aeng
082 _aY:1.1'N N7
100 _aGould, Christopher
_9443013
245 0 _aCritical issues in contemporary culture.
260 _aLondon :
_bAllyn & Bacon,
_c1997.
300 _ax,548p
650 _aCulture-world-20th century
_9443014
700 _a Byington Ele
_9443015
942 _hY:1.1'N N7
_cTEXL
_2CC
999 _c758180
_d758180